[Event "Kragero Resort International 2022"]
[Site "Kragero"]
[Date "2022.02.25"]
[Round "5.4"]
[White "Rozum, Ivan"]
[Black "Chatalbashev, Boris"]
[Result "0-1"]
[WhiteElo "2537"]
[BlackElo "2515"]
[Annotator "ChessBase"]
[PlyCount "78"]
[EventDate "2022.02.23"]
[EventType "swiss"]
[EventCountry "NOR"]
[SourceTitle "playchess.com"]
[Source "ChessBase"]
[SourceQuality "1"]
[TimeControl "5400+30"]

1. c4 {[%emt 0:00:38]} Nf6 {[%emt 0:01:11]} 2. Nc3 {[%emt 0:00:07]} e6 {[%emt 0:00:57]} 3. e4 {[%emt 0:00:40]} c5 {[%emt 0:00:16]} 4. e5 {[%emt 0:01:03]} Ng8 {[%emt 0:00:07]} 5. d4 {[%emt 0:00:06]} cxd4 {[%emt 0:03:51]} 6. Qxd4 {[%emt 0:00:09]} Nc6 {[%emt 0:00:16]} 7. Qf4 {[%emt 0:02:55]} Nge7 {[%emt 0:04:02]} 8. Nf3 {[%emt 0:00:59]} Ng6 {[%emt 0:00:10]} 9. Qe4 {[%emt 0:01:02]} Qa5 {[%emt 0:11:29]} 10. Bd2 {[%emt 0:03:34]} Ngxe5 {[%emt 0:06:22]} 11. Nxe5 {[%emt 0:03:42]} Qxe5 {[%emt 0:00:10]} 12. Qxe5 {[%emt 0:02:02]} Nxe5 {[%emt 0:00:03]} 13. Nb5 {[%emt 0:00:25]} Kd8 {[%emt 0:00:41]} 14. Bc3 {[%emt 0:06:28]} f6 {[%emt 0:01:31]} 15. f4 {[%emt 0:08:19]} Nc6 {[%emt 0:02:01]} 16. O-O-O {[%emt 0:01:03]} Bc5 {[%emt 0:02:43]} 17. g3 {[%emt 0:04:20]} a6 {[%emt 0:12:26]} 18. Nd6 {[%emt 0:03:13]} Kc7 {[%emt 0:00:10]} 19. Ne4 {[%emt 0:00:41]} b6 {[%emt 0:00:59]} 20. Bg2 {[%emt 0:05:42]} Bb7 {[%emt 0:01:03]} 21. a3 {[%emt 0:01:38]} Be7 {[%emt 0:09:08]} 22. Rd2 {[%emt 0:16:23]} Rhd8 {[%emt 0:09:09]} 23. Rhd1 {[%emt 0:00:40]} Na5 {[%emt 0:06:42]} 24. Bxa5 {[%emt 0:02:27]} bxa5 {[%emt 0:00:02]} 25. Nc3 {[%emt 0:02:15]} Bxg2 {[%emt 0:00:07]} 26. Rxg2 {[%emt 0:00:03]} f5 {[%emt 0:00:28]} 27. h4 {[%emt 0:03:51]} Rab8 {[%emt 0:03:41]} 28. Kc2 {[%emt 0:11:18]} Rb6 {[%emt 0:00:21]} 29. Re2 {[%emt 0:00:20]} Rdb8 {[%emt 0:04:03]} 30. Kc1 {[%emt 0:05:34]} Rc6 {[%emt 0:05:07]} 31. Nd5+ {[%emt 0:05:08]} Kd8 {[%emt 0:01:09]} 32. Ne3 {[%emt 0:00:58]} Rb3 {[%emt 0:00:56]} 33. Kb1 {[%emt 0:02:27]} Bc5 {[%emt 0:02:32]} 34. Nf1 {[%emt 0:00:27]} Rcb6 {[%emt 0:04:41]} 35. Ka2 {[%emt 0:00:44]} a4 {[%emt 0:00:07]} 36. Rg2 {[%emt 0:01:10]} h5 {[%emt 0:02:41]} 37. Rdd2 {[%emt 0:00:38]} Ke7 {[%emt 0:00:53]} 38. Rge2 {[%emt 0:01:29]} d6 {[%emt 0:01:06]} 39. Rd1 {[%emt 0:01:15]} Kf6 {[%emt 0:00:58]} 0-1

[Event "Kragero Resort International 2022"]
[Site "Kragero"]
[Date "2022.02.25"]
[Round "5.4"]
[White "Jonsson, Kristjan Dagur"]
[Black "Bronmo, Askild Skovgaard"]
[Result "1-0"]
[WhiteElo "1797"]
[BlackElo "1657"]
[Annotator "NA"]
[PlyCount "55"]
[EventDate "2022.02.23"]
[EventType "swiss"]
[EventCountry "NOR"]
[SourceTitle "playchess.com"]
[Source "ChessBase"]
[SourceQuality "1"]
[TimeControl "5400+30"]

1. d4 {[%emt 0:00:02]} Nf6 {[%emt 0:00:05]} 2. c4 {[%emt 0:00:10]} c5 {[%emt 0:00:05]} 3. d5 {[%emt 0:00:14]} e6 {[%emt 0:00:11]} 4. Nc3 {[%emt 0:00:34]} exd5 {[%emt 0:00:12]} 5. cxd5 {[%emt 0:00:20]} d6 {[%emt 0:00:10]} 6. Nf3 {[%emt 0:00:45]} g6 {[%emt 0:00:22]} 7. e4 {[%emt 0:03:08]} a6 {[%emt 0:00:48]} 8. a4 {[%emt 0:00:39]} Bg4 {[%emt 0:00:16]} 9. Be2 {[%emt 0:01:35]} Bg7 {[%emt 0:01:33]} 10. Nd2 {[%emt 0:03:49]} Bxe2 {[%emt 0:01:06]} 11. Qxe2 {[%emt 0:00:51]} O-O {[%emt 0:12:46]} 12. O-O {[%emt 0:11:08]} Nbd7 {[%emt 0:04:51]} 13. Nc4 {[%emt 0:04:37]} Nb6 {[%emt 0:02:30]} 14. Bg5 {[%emt 0:04:20]} Nxc4 {[%emt 0:07:48]} 15. Qxc4 {[%emt 0:01:02]} Qc7 {[%emt 0:11:12]} 16. Rfd1 {[%emt 0:13:20]} Rfe8 {[%emt 0:06:08]} 17. Rac1 {[%emt 0:07:53]} Qa5 {[%emt 0:07:02]} 18. Bf4 {[%emt 0:06:07]} Rad8 {[%emt 0:01:48]} 19. f3 {[%emt 0:02:42]} Nh5 {[%emt 0:03:39]} 20. Bg5 {[%emt 0:02:18]} Rb8 {[%emt 0:00:30]} 21. Bd2 {[%emt 0:07:24]} b5 {[%emt 0:02:55]} 22. axb5 {[%emt 0:08:26]} axb5 {[%emt 0:00:11]} 23. Qf1 {[%emt 0:02:55]} b4 {[%emt 0:02:01]} 24. Ra1 {[%emt 0:00:55]} Qb6 {[%emt 0:02:02]} 25. Ra6 {[%emt 0:01:05]} Qc7 {[%emt 0:00:37]} 26. Nb5 {[%emt 0:01:25]} Rxb5 {[%emt 0:00:10]} 27. Qxb5 {[%emt 0:00:37]} Bxb2 {[%emt 0:00:12]} 28. Qxe8+ {[%emt 0:00:33]} 1-0

[Event "Kragero Resort International 2022"]
[Site "Kragero"]
[Date "2022.02.25"]
[Round "5.5"]
[White "Fridman, Daniel"]
[Black "Vrolijk, Liam"]
[Result "1-0"]
[WhiteElo "2626"]
[BlackElo "2480"]
[Annotator "TA"]
[PlyCount "139"]
[EventDate "2022.02.23"]
[EventType "swiss"]
[EventCountry "NOR"]
[SourceTitle "playchess.com"]
[Source "ChessBase"]
[SourceQuality "1"]

{[%evp 9,139,0,0,0,0,14,6,2,47,35,58,13,27,31,20,18,57,45,36,41,35,36,34,29,41,33,35,31,47,41,41,30,67,66,72,66,66,66,66,66,73,44,54,54,67,67,60,75,81,51,129,101,109,110,129,125,172,172,170,127,247,250,325,334,390,224,223,210,202,158,150,140,197,191,229,222,204,145,148,146,224,224,224,224,217,158,303,294,353,0,272,191,214,108,304,304,303,296,365,365,365,0,239,0,365,358,351,351,337,295,418,418,402,387,394,390,521,521,316,316,316,316,943,516,29970,29971,29981,29981,29987,29988,29988,29989]} 1. Nf3 d5 2. e3 Nf6 3. c4 e6 4. Nc3 b6 5. cxd5 exd5 6. g3 {A17: English Opening: 1...Nf6 with ...Bb4.} Bb7 {[%cal Od5d4]} 7. Bg2 Nbd7 8. O-O {The position is equal.} a6 {[#]} (8... Bd6 $11 {might be stronger.}) 9. d3 $146 {[%cal Oe3e4]} ({Predecessor:} 9. b3 Bd6 10. Bb2 O-O 11. Rc1 Re8 12. Re1 c5 13. d4 Bf8 14. Re2 Rc8 15. Rec2 {1-0 (49) Keymer,V (2664)-Sjugirov,S (2680) Chess.com INT 2022}) 9... Bc5 10. d4 (10. e4 $14) 10... Be7 $11 11. Ne5 O-O 12. Qb3 {[%cal Rc3d5]} c6 13. Nxd7 (13. e4 {is more complex.} dxe4 14. Bf4 Nxe5 15. dxe5 Nd5 16. Rfd1) 13... Nxd7 14. e4 dxe4 15. Nxe4 Nf6 16. Nxf6+ Bxf6 17. Rd1 b5 18. Be3 Qd7 19. Rac1 Rac8 20. h4 Qe6 21. Qxe6 fxe6 22. Kf1 Rfd8 23. Ke2 Rd6 24. b3 Kf7 25. Rc2 a5 26. Be4 h6 27. a4 {White is more active.} bxa4 28. bxa4 Ba6+ 29. Ke1 Be7 (29... Rcd8 $14) 30. Rdc1 Bb7 31. Ke2 Bf6 32. Rc5 Bd8 (32... Rb8 $16 33. Rxa5 (33. Bxc6 Bxc6 34. Rxc6 Rxc6 $14) 33... Bd8) 33. Rb1 $18 Ba6+ 34. Kd2 ({White should play} 34. Ke1 $18) 34... e5 (34... Bf6 $16 {is a better defense.}) 35. Rxe5 Bf6 36. Rxa5 c5 {[#]} 37. Rxa6 $1 Rxa6 38. Bb7 ({Resist} 38. dxc5 $6 Rd8+ 39. Ke2 Rxa4 $16) 38... cxd4 39. Bxa6 dxe3+ 40. fxe3 {[%mdl 4096] Endgame KRB-KRB} Rc6 (40... Rc5 $16 {was called for.} 41. Ke2 Ke6) 41. Rb7+ Ke6 42. Bb5 Rc5 43. g4 Kd6 44. h5 Rc8 (44... Kd5 $16 45. Bd3 Kc6) 45. Kd3 {Threatens to win with a5.} Rc3+ 46. Ke4 Ra3 47. Ra7 Ke6 (47... Kc5 $16 {might work better.} 48. Rc7+ Kb4) 48. Ra6+ Ke7 49. Ra7+ Ke6 $1 50. Ra8 Bg5 51. Bd3 (51. Ra6+ $18 Kf7 52. a5) 51... Be7 $2 (51... Kd6 $16 52. Ra7 Bd8 53. Rxg7 Rxa4+ 54. Kf3 (54. Kf5 Ra5+ 55. Ke4 Rg5 $16) 54... Bg5) 52. Ra6+ Kd7 53. Bb5+ Kc7 54. Ra7+ Kd6 55. Ra6+ Kc7 $1 56. Ra7+ (56. Re6 $142 Bg5 57. Kd4) 56... Kd6 57. a5 {[%cal Ba4a5,Ba5a6][%mdl 32]} Bg5 {[#]} 58. a6 $1 (58. Rxg7 Rxe3+ 59. Kd4 Bf6+ 60. Kxe3 Bxg7 $18) 58... Rxe3+ 59. Kd4 {Strongly threatening Rd7+.} Ra3 (59... Rg3 {keeps fighting.} 60. Rd7+ Ke6) 60. Kc4 Ra1 61. Rd7+ Ke5 62. Rxg7 Be3 63. Re7+ Kf4 64. g5 Rc1+ 65. Kd3 Bc5 $2 (65... Rd1+ 66. Kc3 Rc1+ 67. Kb3 Rc5) 66. Rc7 {g6 is the strong threat.} hxg5 (66... Kxg5 $18 67. a7 Bxa7) 67. h6 {[%cal Bh5h6,Bh6h7][%mdl 32] White mates.} Rd1+ 68. Kc2 Rd5 69. h7 Bd4 {[#]} 70. Rc4 $1 {Weighted Error Value: White=0.31/Black=0.24 (precise)} 1-0

[Event "Kragero Resort International 2022"]
[Site "Kragero"]
[Date "2022.02.25"]
[Round "5.5"]
[White "Skaar, Ben Samuel Groth"]
[Black "Thorisson, Benedikt"]
[Result "1/2-1/2"]
[WhiteElo "1641"]
[BlackElo "1790"]
[Annotator "NA"]
[PlyCount "116"]
[EventDate "2022.02.23"]
[EventType "swiss"]
[EventCountry "NOR"]
[SourceTitle "playchess.com"]
[Source "ChessBase"]
[SourceQuality "1"]
[TimeControl "5400+30"]

1. d4 {[%emt 0:00:03]} Nf6 {[%emt 0:00:08]} 2. Nf3 {[%emt 0:00:10]} g6 {[%emt 0:00:14]} 3. c4 {[%emt 0:01:20]} d5 {[%emt 0:00:26]} 4. Nc3 {[%emt 0:01:45]} Bg7 {[%emt 0:00:16]} 5. cxd5 {[%emt 0:03:10]} Nxd5 {[%emt 0:00:24]} 6. e4 {[%emt 0:00:05]} Nxc3 {[%emt 0:00:12]} 7. bxc3 {[%emt 0:00:04]} c5 {[%emt 0:00:15]} 8. Be3 {[%emt 0:07:49]} Nc6 {[%emt 0:01:03]} 9. Be2 {[%emt 0:06:14]} Bg4 {[%emt 0:00:39]} 10. e5 {[%emt 0:08:32]} O-O {[%emt 0:00:30]} 11. O-O {[%emt 0:01:11]} Qc7 {[%emt 0:02:34]} 12. Qb3 {[%emt 0:02:00]} Rad8 {[%emt 0:08:59]} 13. Rfd1 {[%emt 0:02:05]} Rd7 {[%emt 0:16:26]} 14. Rac1 {[%emt 0:07:55]} Qd8 {[%emt 0:03:17]} 15. Qa4 {[%emt 0:15:52]} Qa5 {[%emt 0:05:19]} 16. Qb3 {[%emt 0:05:24]} cxd4 {[%emt 0:09:14]} 17. cxd4 {[%emt 0:00:15]} Be6 {[%emt 0:00:19]} 18. Bc4 {[%emt 0:02:29]} Bxc4 {[%emt 0:01:57]} 19. Qxc4 {[%emt 0:00:15]} Qd5 {[%emt 0:00:13]} 20. Qxd5 {[%emt 0:07:36]} Rxd5 {[%emt 0:01:19]} 21. Rb1 {[%emt 0:00:27]} Rd7 {[%emt 0:01:21]} 22. Ng5 {[%emt 0:04:16]} e6 {[%emt 0:04:03]} 23. Ne4 {[%emt 0:01:15]} Rfd8 {[%emt 0:00:31]} 24. Nc5 {[%emt 0:02:15]} Rc7 {[%emt 0:02:41]} 25. Rxb7 {[%emt 0:04:59]} Bxe5 {[%emt 0:02:16]} 26. Rdb1 {[%emt 0:01:19]} Nxd4 {[%emt 0:04:23]} 27. Rxc7 {[%emt 0:06:33]} Bxc7 {[%emt 0:00:45]} 28. Nb7 {[%emt 0:01:28]} Rd5 {[%emt 0:02:09]} 29. Kf1 {[%emt 0:01:02]} Bb6 {[%emt 0:02:19]} 30. Rc1 {[%emt 0:00:11]} Kf8 {[%emt 0:01:19]} 31. a4 {[%emt 0:04:00]} e5 {[%emt 0:01:29]} 32. Bg5 {[%emt 0:03:45]} Kg7 {[%emt 0:04:26]} 33. Rc8 {[%emt 0:00:29]} Ne6 {[%emt 0:04:50]} 34. Be3 {[%emt 0:00:33]} Nd4 {[%emt 0:01:39]} 35. Bg5 {[%emt 0:00:26]} Nb3 {[%emt 0:02:39]} 36. Rc6 {[%emt 0:00:44]} Rd1+ {[%emt 0:02:20]} 37. Ke2 {[%emt 0:00:06]} Rd7 {[%emt 0:00:45]} 38. Bf6+ {[%emt 0:00:17]} Kh6 {[%emt 0:00:16]} 39. Rc3 {[%emt 0:00:39]} Nd4+ {[%emt 0:03:00]} 40. Kf1 {[%emt 0:00:23]} g5 {[%emt 0:00:55]} 41. Nc5 {[%emt 0:00:40]} Bxc5 {[%emt 0:02:52]} 42. Rxc5 {[%emt 0:00:06]} Ne6 {[%emt 0:00:29]} 43. Rc6 {[%emt 0:01:14]} Rd5 {[%emt 0:01:09]} 44. Ra6 {[%emt 0:00:37]} Kg6 {[%emt 0:01:21]} 45. Be7 {[%emt 0:00:06]} Kf5 {[%emt 0:01:14]} 46. f3 {[%emt 0:00:18]} Rd7 {[%emt 0:01:30]} 47. Bb4 {[%emt 0:00:45]} Rb7 {[%emt 0:01:56]} 48. Bd2 {[%emt 0:00:25]} Kf6 {[%emt 0:01:25]} 49. Be3 {[%emt 0:00:18]} e4 {[%emt 0:02:00]} 50. Rxa7 {[%emt 0:01:03]} Rb1+ {[%emt 0:00:23]} 51. Ke2 {[%emt 0:00:25]} Rb2+ {[%emt 0:00:13]} 52. Kf1 {[%emt 0:00:32]} Rb3 {[%emt 0:01:14]} 53. Kf2 {[%emt 0:00:34]} exf3 {[%emt 0:00:18]} 54. gxf3 {[%emt 0:00:27]} h5 {[%emt 0:00:38]} 55. Ra6 {[%emt 0:00:18]} Rb2+ {[%emt 0:00:43]} 56. Kg1 {[%emt 0:00:29]} Rb1+ {[%emt 0:00:11]} 57. Kf2 {[%emt 0:00:34]} Rb2+ {[%emt 0:00:08]} 58. Kg1 {[%emt 0:00:05]} Kg7 {[%emt 0:01:00]} 1/2-1/2

[Event "Kragero Resort International 2022"]
[Site "Kragero"]
[Date "2022.02.25"]
[Round "5.6"]
[White "Gharibyan, Mamikon"]
[Black "Sanal, Vahap"]
[Result "0-1"]
[WhiteElo "2479"]
[BlackElo "2601"]
[Annotator "TA"]
[PlyCount "117"]
[EventDate "2022.02.23"]
[EventType "swiss"]
[EventCountry "NOR"]
[SourceTitle "playchess.com"]
[Source "ChessBase"]
[SourceQuality "1"]

{[%evp 10,117,-16,-8,-14,-6,-16,-17,-15,-8,22,14,21,11,36,30,39,36,33,37,36,16,25,0,0,0,0,0,0,0,0,0,0,0,0,0,3,0,6,0,26,17,21,16,19,14,25,25,13,12,14,12,14,-54,-51,-46,-61,-61,-64,-76,-53,-56,-60,-79,-62,-71,-50,-49,-38,-41,-36,-36,-33,-40,0,-41,0,-42,-8,0,0,0,0,0,0,-22,-8,-40,-40,-40,-40,-54,-18,-240,-240,-276,-276,-424,-410,-391,-389,-584,-565,-541,-538,-526,-495,-1020,-1008,-29983]} 1. d4 Nf6 2. c4 e6 3. Nc3 Bb4 4. a3 Bxc3+ 5. bxc3 b6 6. f3 Nc6 {[%cal Bb8c6,Bc6a5,Ba5b3,Bb3c1][%mdl 32] E24: Nimzo-Indian: Sämisch: Unusual Black 5th moves and 5...c5 sidelines.} 7. e4 Na5 8. Bd3 Ba6 {The position is equal.} 9. Qe2 $1 Nb3 {Pair of Knights!} 10. Rb1 Nxc1 11. Rxc1 d6 $5 {[%mdl 4] Leaves trodden paths.} 12. f4 e5 13. fxe5 dxe5 14. Nf3 Nd7 15. O-O O-O 16. Qf2 {[#]} (16. Nxe5 Nxe5 17. dxe5 Qe7 $15) 16... Qe7 $146 ({Predecessor:} 16... Qf6 17. Qg3 Qg6 18. Qh3 Qe6 19. Qxe6 fxe6 20. Ng5 Rae8 21. Rxf8+ Nxf8 22. d5 h6 {0-1 (48) Muheim,S (2013)-Sokolov,A (2561) St Chely d'Aubrac 2008}) 17. Qg3 Qd6 18. Nh4 {[%cal Oc4c5]} (18. Nxe5 Nxe5 19. c5 (19. dxe5 Qc5+ 20. Kh1 Bxc4 $17) (19. Qxe5 Qxe5 20. dxe5 Rfe8 $17) 19... bxc5 20. Bxa6 cxd4 21. cxd4 Qxd4+ 22. Kh1 Rae8 $17) 18... exd4 {And now ...Qxg3 would win.} 19. Qxd6 cxd6 20. cxd4 g6 {Prevents Nf5.} 21. a4 Rac8 22. Nf3 Nb8 {[%cal Bd7b8,Bb8c6,Bc6b4][%mdl 32]} 23. a5 bxa5 24. Rc3 Nc6 25. Ra1 Rfe8 26. d5 Nb4 27. Bf1 (27. Rxa5 Bxc4 28. Bf1 (28. Rxc4 Nxd3 29. Rxc8 Rxc8 $17) (28. Bxc4 Rxe4 29. Bd3 Rxc3 $17) 28... Bxf1 29. Rxc8 Rxc8 $17) 27... Rxe4 {[%cal Ob4d5] White must now prevent ...Nxd5!} 28. Rxa5 Rc5 $1 (28... Bxc4 $2 29. Nd2 Rd4 30. Rxc4 Rcxc4 31. Nxc4 $16) 29. Rca3 Rxa5 (29... Bxc4 30. Rxc5 dxc5 31. Nd2 Bxd5 32. Nxe4 Bxe4 33. Rxa7 $16) 30. Rxa5 {next Ra4 is good for White.} Re8 (30... Bxc4 31. Nd2 Bxd5 32. Rxd5 $1 $16 {[%mdl 512]} (32. Nxe4 Bxe4 33. Rxa7 Nc6 $14)) 31. Nd4 {[#]} (31. Ra4 $11 Rb8 32. Ng5) 31... Bxc4 $1 32. Bxc4 Re4 33. Nb5 Rxc4 34. Nxd6 $15 {[%mdl 4096] Endgame KRN-KRN} Rc1+ 35. Kf2 a6 36. Ne4 f5 37. Ng5 Rd1 38. Ra4 Nxd5 39. Rxa6 Rd2+ 40. Kf3 Rd3+ 41. Kf2 Rd2+ (41... Nc7 $5 {[%cal Rc7a6]} 42. Rc6 Rd7 $17) 42. Kf3 Rd3+ (42... Nc7 $5 {[%cal Rc7a6]} 43. Rc6 Nb5 $17) 43. Kf2 $1 Nc3 (43... Nc7 $5 {[%cal Rc7a6]} 44. Rc6 Rd2+ 45. Kf3 Nb5 $17) 44. Ra8+ Kg7 45. Ra7+ Kh6 46. h4 {[%csl Gg5][%cal Ra7h7]} Kh5 $1 47. Rxh7+ Kg4 {Black wants to play ...Rd2+.} 48. Nf3 {Prevents Rd2+. aiming for Ne5+.} Ne4+ 49. Ke2 Rd6 50. h5 Re6 ({Don't play} 50... gxh5 51. Ke3 Ng5 52. Ne5+ Kh4 53. g3+ Kxg3 54. Rg7 $11) 51. Kd3 $2 {[#] Loses the game.} (51. hxg6 $11 Nf6+ 52. Kf2 Nxh7 53. gxh7) 51... Nf6 $1 $19 ({Worse is} 51... gxh5 52. Kd4 $15) 52. Nd4 Rd6 ({Stronger than} 52... Nxh7 53. Nxe6 gxh5 54. Ke3 $17) 53. Rh6 (53. hxg6 $142 Nxh7 54. gxh7) 53... Nxh5 54. Kc4 Nf4 55. g3 (55. Rh2 {keeps fighting.}) 55... Nh5 {Black is clearly winning.} 56. Kc5 Rf6 57. Kd5 Nxg3 58. Ne6 (58. Ke5 $142 Ra6 59. Kd5) 58... f4 {...f3 is the strong threat.} 59. Kd4 {Weighted Error Value: White=0.28 (precise) /Black=0.06 (flawless)} 0-1

[Event "Kragero Resort International 2022"]
[Site "Kragero"]
[Date "2022.02.25"]
[Round "5.6"]
[White "Johannessen, Martin T."]
[Black "Hammari, Vinjar"]
[Result "0-1"]
[WhiteElo "1629"]
[BlackElo "1775"]
[Annotator "NA"]
[PlyCount "100"]
[EventDate "2022.02.23"]
[EventType "swiss"]
[EventCountry "NOR"]
[SourceTitle "playchess.com"]
[Source "ChessBase"]
[SourceQuality "1"]
[TimeControl "5400+30"]

1. d4 {[%emt 0:00:01]} Nf6 {[%emt 0:00:35]} 2. c4 {[%emt 0:00:06]} c5 {[%emt 0:00:06]} 3. d5 {[%emt 0:02:16]} e6 {[%emt 0:00:22]} 4. Bf4 {[%emt 0:03:22]} exd5 {[%emt 0:01:02]} 5. cxd5 {[%emt 0:00:13]} d6 {[%emt 0:00:12]} 6. Nc3 {[%emt 0:01:16]} g6 {[%emt 0:00:08]} 7. e4 {[%emt 0:01:49]} a6 {[%emt 0:00:58]} 8. Bd3 {[%emt 0:01:22]} b5 {[%emt 0:00:35]} 9. Nf3 {[%emt 0:00:54]} Bg7 {[%emt 0:02:11]} 10. O-O {[%emt 0:10:07]} O-O {[%emt 0:00:42]} 11. Re1 {[%emt 0:04:28]} Nh5 {[%emt 0:05:13]} 12. Bg5 {[%emt 0:05:40]} Qc7 {[%emt 0:00:34]} 13. Qd2 {[%emt 0:05:49]} Nd7 {[%emt 0:09:11]} 14. Bh6 {[%emt 0:03:28]} Nb6 {[%emt 0:01:17]} 15. Bxg7 {[%emt 0:06:31]} Kxg7 {[%emt 0:00:08]} 16. e5 {[%emt 0:09:04]} Bg4 {[%emt 0:01:26]} 17. Qg5 {[%emt 0:07:59]} Bxf3 {[%emt 0:00:47]} 18. gxf3 {[%emt 0:00:07]} dxe5 {[%emt 0:00:47]} 19. Qxe5+ {[%emt 0:04:26]} Qxe5 {[%emt 0:00:21]} 20. Rxe5 {[%emt 0:00:04]} Nf4 {[%emt 0:03:06]} 21. Rd1 {[%emt 0:07:33]} Nxd3 {[%emt 0:01:17]} 22. Rxd3 {[%emt 0:00:06]} Nc4 {[%emt 0:02:18]} 23. Re2 {[%emt 0:00:27]} Rfe8 {[%emt 0:00:48]} 24. Rxe8 {[%emt 0:04:50]} Rxe8 {[%emt 0:00:05]} 25. b3 {[%emt 0:00:23]} Nd6 {[%emt 0:01:11]} 26. Re3 {[%emt 0:01:07]} Rd8 {[%emt 0:00:37]} 27. Ne4 {[%emt 0:04:25]} Nf5 {[%emt 0:00:04]} 28. Rd3 {[%emt 0:01:19]} Nd4 {[%emt 0:02:03]} 29. Nxc5 {[%emt 0:03:59]} Rxd5 {[%emt 0:00:04]} 30. Kg2 {[%emt 0:02:00]} Rg5+ {[%emt 0:00:36]} 31. Kf1 {[%emt 0:00:35]} Nxf3 {[%emt 0:00:10]} 32. Nxa6 {[%emt 0:01:18]} Nxh2+ {[%emt 0:00:24]} 33. Ke2 {[%emt 0:00:14]} Ng4 {[%emt 0:00:55]} 34. Nb4 {[%emt 0:00:55]} Re5+ {[%emt 0:00:41]} 35. Kf3 {[%emt 0:00:12]} h5 {[%emt 0:00:17]} 36. Rd5 {[%emt 0:01:27]} Kf6 {[%emt 0:02:55]} 37. Rd6+ {[%emt 0:04:34]} Kg5 {[%emt 0:00:39]} 38. Rd5 {[%emt 0:00:44]} h4 {[%emt 0:02:46]} 39. a4 {[%emt 0:01:12]} bxa4 {[%emt 0:00:34]} 40. bxa4 {[%emt 0:00:06]} Rxd5 {[%emt 0:02:39]} 41. Nxd5 {[%emt 0:00:06]} Ne5+ {[%emt 0:00:04]} 42. Kg2 {[%emt 0:00:22]} Nc6 {[%emt 0:00:21]} 43. Kh3 {[%emt 0:02:05]} f5 {[%emt 0:00:41]} 44. f4+ {[%emt 0:00:27]} Kh5 {[%emt 0:01:23]} 45. Nf6+ {[%emt 0:00:05]} Kh6 {[%emt 0:00:05]} 46. Kxh4 {[%emt 0:00:04]} Kg7 {[%emt 0:00:09]} 47. Nd5 {[%emt 0:01:27]} Kf7 {[%emt 0:00:29]} 48. Kg5 {[%emt 0:01:16]} Kg7 {[%emt 0:00:14]} 49. Ne3 {[%emt 0:00:29]} Nd4 {[%emt 0:00:11]} 50. Nd5 {[%emt 0:01:45]} Nf3# {[%emt 0:00:05]} 0-1

[Event "Kragero Resort International 2022"]
[Site "Kragero"]
[Date "2022.02.25"]
[Round "5.7"]
[White "Romanov, Evgeny"]
[Black "Kjartansson, Gudmundur"]
[Result "1-0"]
[WhiteElo "2561"]
[BlackElo "2450"]
[Annotator "TA"]
[PlyCount "17"]
[EventDate "2022.02.23"]
[EventType "swiss"]
[EventCountry "NOR"]
[SourceTitle "playchess.com"]
[Source "ChessBase"]
[SourceQuality "1"]

{[%evp 9,17,32,45,58,80,82,956,944,928,908]} 1. d4 d5 2. Bg5 f6 3. Bf4 c5 4. e4 cxd4 5. Bxb8 Rxb8 6. Qxd4 {[#] D00: 1 d4 d5: Unusual lines.} Qa5+ $146 ({Predecessor:} 6... dxe4 7. Qxd8+ Kxd8 8. Nc3 e6 9. O-O-O+ Kc7 10. Nxe4 b5 11. Ne2 Bd7 12. f4 h6 {1-0 (31) Garcia Guerrero,I (2261)-Sanchez Enriquez,O (2343) Cuernavaca 2015}) 7. Nc3 {Strongly threatening Bb5+.} dxe4 $2 {[%mdl 8192]} (7... e5 $16 8. Qxd5 Qxd5 9. exd5 (9. Nxd5 Ne7 $16) 9... Bd7) 8. Bb5+ $18 Kf7 {[#]} 9. Qd5+ $1 {White took control after the opening.} 1-0

[Event "Kragero Resort International 2022"]
[Site "Kragero"]
[Date "2022.02.25"]
[Round "5.7"]
[White "Bjarnason, Snorri Vikanes"]
[Black "Helland, Phillip"]
[Result "1-0"]
[WhiteElo "1606"]
[BlackElo "1760"]
[Annotator "NA"]
[PlyCount "87"]
[EventDate "2022.02.23"]
[EventType "swiss"]
[EventCountry "NOR"]
[SourceTitle "playchess.com"]
[Source "ChessBase"]
[SourceQuality "1"]
[TimeControl "5400+30"]

1. e4 {[%emt 0:00:03]} c5 {[%emt 0:00:08]} 2. Nf3 {[%emt 0:00:09]} g6 {[%emt 0:00:15]} 3. d4 {[%emt 0:00:33]} cxd4 {[%emt 0:00:13]} 4. Nxd4 {[%emt 0:00:05]} Nc6 {[%emt 0:00:21]} 5. Nc3 {[%emt 0:00:55]} Bg7 {[%emt 0:00:31]} 6. Be3 {[%emt 0:00:05]} Nf6 {[%emt 0:00:39]} 7. Bc4 {[%emt 0:02:22]} Qa5 {[%emt 0:01:52]} 8. O-O {[%emt 0:00:26]} O-O {[%emt 0:00:24]} 9. h3 {[%emt 0:05:06]} d6 {[%emt 0:05:14]} 10. Bb3 {[%emt 0:05:56]} Bd7 {[%emt 0:25:46]} 11. Nf3 {[%emt 0:16:38]} Qh5 {[%emt 0:00:00]} 12. Nd4 {[%emt 0:11:17]} Nxd4 {[%emt 0:00:00]} 13. Bxd4 {[%emt 0:00:00]} Qh4 {[%emt 0:05:21]} 14. Qd3 {[%emt 0:05:40]} Rfd8 {[%emt 0:14:49]} 15. Rfe1 {[%emt 0:09:03]} e6 {[%emt 0:07:32]} 16. Rad1 {[%emt 0:11:59]} Bc6 {[%emt 0:04:03]} 17. f3 {[%emt 0:04:51]} Nh5 {[%emt 0:03:18]} 18. Ne2 {[%emt 0:00:00]} Nf4 {[%emt 0:07:34]} 19. Nxf4 {[%emt 0:00:00]} Qxf4 {[%emt 0:00:25]} 20. Bxg7 {[%emt 0:00:00]} Kxg7 {[%emt 0:00:10]} 21. c4 {[%emt 0:00:00]} a5 {[%emt 0:03:28]} 22. a4 {[%emt 0:00:00]} Qe5 {[%emt 0:00:55]} 23. Qd4 {[%emt 0:00:00]} Qxd4+ {[%emt 0:00:19]} 24. Rxd4 {[%emt 0:00:00]} Kf6 {[%emt 0:00:11]} 25. Red1 {[%emt 0:01:53]} Ke7 {[%emt 0:02:31]} 26. Bc2 {[%emt 0:01:18]} f6 {[%emt 0:02:12]} 27. b3 {[%emt 0:00:57]} Rac8 {[%emt 0:00:45]} 28. Bb1 {[%emt 0:00:24]} Be8 {[%emt 0:00:15]} 29. Kf2 {[%emt 0:00:44]} Rc5 {[%emt 0:00:20]} 30. R1d2 {[%emt 0:01:58]} h5 {[%emt 0:01:18]} 31. Rd1 {[%emt 0:03:14]} h4 {[%emt 0:00:56]} 32. R1d2 {[%emt 0:00:42]} g5 {[%emt 0:02:05]} 33. Bc2 {[%emt 0:00:41]} Bf7 {[%emt 0:00:23]} 34. Bb1 {[%emt 0:00:46]} d5 {[%emt 0:01:10]} 35. exd5 {[%emt 0:00:11]} exd5 {[%emt 0:00:18]} 36. Be4 {[%emt 0:00:14]} Rd7 {[%emt 0:06:57]} 37. Ke3 {[%emt 0:00:20]} Be6 {[%emt 0:02:27]} 38. Bxd5 {[%emt 0:00:25]} Bxd5 {[%emt 0:01:03]} 39. Rxd5 {[%emt 0:00:08]} Rdxd5 {[%emt 0:00:21]} 40. Rxd5 {[%emt 0:00:10]} Rxd5 {[%emt 0:00:05]} 41. cxd5 {[%emt 0:00:13]} Kd6 {[%emt 0:00:05]} 42. Kd4 {[%emt 0:00:10]} f5 {[%emt 0:00:07]} 43. Kc4 {[%emt 0:01:35]} b6 {[%emt 0:00:11]} 44. Kd4 {[%emt 0:00:14]} 1-0